Chapter by chapter / (Record no. 291981)
[ view plain ]
| 000 -LEADER | |
|---|---|
| fixed length control field | 00331nam a2200145Ia 4500 |
| 008 - FIXED-LENGTH DATA ELEMENTS--GENERAL INFORMATION | |
| fixed length control field | 160319s9999 xx 000 0 und d |
| 020 ## - INTERNATIONAL STANDARD BOOK NUMBER | |
| International Standard Book Number | 0-59048656x |
| 050 ## - LIBRARY OF CONGRESS CALL NUMBER | |
| Classification number | 418.4 |
| 050 ## - LIBRARY OF CONGRESS CALL NUMBER | |
| Item number | .L775ch 1996 |
| 245 ## - TITLE STATEMENT | |
| Title | Chapter by chapter / |
| 260 ## - PUBLICATION, DISTRIBUTION, ETC. (IMPRINT) | |
| Date of publication, distribution, etc | 1996 |
| 300 ## - PHYSICAL DESCRIPTION | |
| Extent | 120 pages ; |
| 300 ## - PHYSICAL DESCRIPTION | |
| Other physical details | illustrations ; |
| 300 ## - PHYSICAL DESCRIPTION | |
| Dimensions | 30 cm. |
| Withdrawn status | Lost status | Damaged status | Home library | Current library | Shelving location | Date acquired | Total Checkouts | Full call number | Barcode | Date last seen | Price effective from | Koha item type |
|---|---|---|---|---|---|---|---|---|---|---|---|---|
| Stonyhurst Southville International School (Batangas) | Stonyhurst Southville International School (Batangas) | Grade School Section | 03/19/2016 | 418.4 .L775ch 1996 | LS-2778 | 03/19/2016 | 03/19/2016 | Books |